000 00971cam a2200289 i 4500
003 CO-BoRNBP
005 20241022091211.0
007 ta
008 160415s1996 ck ado gr 000 0 spa d
020 _a9589261280
020 _a9789589261286
040 _aCO-BoUNC
_bspa
_erda
_cCO-BoUNC
082 0 4 _a612.6
_bO87a
_221
100 1 _aOtero Camprubí, Aurora
_d1939-
_eautor
_943416
245 1 0 _aAtlas de sexualidad /
_cAurora Otero.
250 _a1a. edición
264 1 _aSantafé de Bogotá
_bPrograma Educativo Visual
_bIatros
_c1996
300 _a92 páginas :
_bilustraciones, diagramas, fotos ;
_c35 cm.
336 _atexto
_btxt
_2rda contenido
337 _asin mediación
_bn
_2rda medio
338 _avolumen
_bnc
_2rda soporte
504 _aIncluye índices
650 1 7 _aEducación sexual
_vAtlas
_2LEMB
_943417
650 1 7 _aSexualidad
_xEnseñanza
_vAtlas
_2LEMB
_943418
650 1 7 _aEnfermedades de transmisión sexual
_vAtlas
_2LEMB
_943419
942 _2ddc
_cBK
999 _c38503
_d38503